| 000 | 01007nam a22002057a 4500 | ||
|---|---|---|---|
| 999 |
_c63145 _d63145 |
||
| 003 | Ge_BSU | ||
| 005 | 20250611170826.0 | ||
| 008 | 250611s2020 ge ||||| |||| 00| 0 geo d | ||
| 020 | _a9789941824326 | ||
| 041 | _ageo | ||
| 080 | _a17(082) : 821.161.1.03-32=353.1 ს-97 | ||
| 100 |
_aსუხომლინსკი, ვასილ _925386 |
||
| 245 |
_aეთიკის ქრესტომათია : _b[მოთხრობები] / _cვასილ სუხომლინსკი; რუსულიდან თარგმნა ნოდარ ბასილაძემ; რედაქტორი ლალი კონცელიძე. |
||
| 264 |
_aბათუმი, _c2020. |
||
| 300 |
_a134 გვ. ; _b20 სმ. |
||
| 653 | _aეთიკა | ||
| 700 |
_aბასილაძე, ნოდარ _eმთარგმნელი _925387 |
||
| 700 |
_aკონცელიძე, ლალი _eრედაქტორი _92058 |
||
| 942 |
_2udc _cᲬᲘᲒᲜᲘ |
||